Multi-Domain Modeling of Pan Tilt Platform with Mechanical Imperfections / (Record no. 529292)

000 -LEADER
fixed length control field 00518nam a22001577a 4500
020 ## - INTERNATIONAL STANDARD BOOK NUMBER
Qualifying information Hard Cover.
082 ## - DEWEY DECIMAL CLASSIFICATION NUMBER
Classification number 621
100 ## - MAIN ENTRY--PERSONAL NAME
Personal name Haider, Muhammad
245 ## - TITLE STATEMENT
Title Multi-Domain Modeling of Pan Tilt Platform with Mechanical Imperfections /
Statement of responsibility, etc. Muhammad Haider.
260 ## - PUBLICATION, DISTRIBUTION, ETC.
Place of publication, distribution, etc. Islamabad:
Name of publisher, distributor, etc. CEME - NUST,
Date of publication, distribution, etc. 2013.
300 ## - PHYSICAL DESCRIPTION
Extent 83 p.: ill.;
Dimensions 30cm.
942 ## - ADDED ENTRY ELEMENTS (KOHA)
Source of classification or shelving scheme
Koha item type Thesis
650 ## - SUBJECT ADDED ENTRY--TOPICAL TERM
Topical term or geographic name entry element Mechanical Engineering MS-Thesis
700 ## - ADDED ENTRY--PERSONAL NAME
Personal name Dr. Syed Waheed Ul Haq
650 ## - SUBJECT ADDED ENTRY--TOPICAL TERM
-- 16090
700 ## - ADDED ENTRY--PERSONAL NAME
-- 18639
Holdings
Withdrawn status Lost status Source of classification or shelving scheme Damaged status Not for loan Permanent Location Current Location Shelving location Date acquired Total Checkouts Full call number Barcode Date last seen Price effective from Koha item type
          Central Library (CL) Central Library (CL) Thesis 09/24/2019   621 CL-T-1499 09/24/2019 09/24/2019 Thesis
© 2023 Central Library, National University of Sciences and Technology. All Rights Reserved.